Quizzes
Events
Quiz Creation
Community
Videos
Private Events
Remove Ads
Sign In
Join for FREE
Feedback
Dark Mode
Quiz Categories
Sports
Geography
Music
Movies
Television
Just For Fun
Miscellaneous
History
Literature
Language
Science
Gaming
Entertainment
Religion
Holiday
For Kids
Quiz Lab
Recent
Popular Today
Quiz Kudos Today
Editor Picks
Curator Picks
Quizzes by...
Day
Popularity
Type
Ratings
Length
Year
Community
Subscriptions
Recent Discussions
Orange Saloon
Badges
Playlists
Quests
Create
Leaderboards
Showdown
Live 5
Trivia Bingo
Activity
Puzzle Library
Sporcle Events
Private Events
Virtual Trivia
Globe League
Become a Host
Pub Owners
SporcleCon
Opinionation
Our Games
Videos
Blog
Mobile Apps
Partnerships
Remove Ads and Go Orange
Feedback
Gaming
Video Games
Board Games
Card Games
Pokémon
Mario
Nintendo
Minecraft
Console
Toys
Legend of Zelda
Gaming
Video Games
Board Games
Card Games
Pokémon
Mario
Nintendo
Minecraft
Console
Toys
Legend of Zelda
Random Quiz
Search Sporcle
×
Quiz Lab
Quiz Lab
Gaming
Video Games
Type in answers that appear in a list
Type in answers that appear in a list
Classic
Best Score? Go Orange.
Random Pokemon By Vowel (Gen 1) Stats
Can you name the Generation 1 Pokemon by Vowel Only?
By
Jtoc
4m
22 Questions
3,537 Plays
3,537 Plays
3,537 Plays
Comments
Comments
Give Quiz Kudos
Give Quiz Kudos
-
- Ratings
hide this ad
Random Order
Randomize order of answers
Randomize order of answers
Replay
Link that replays current quiz
Next Quiz
Link to next quiz in quiz playlist
You Got
0%
They Got
Avg Score
63%
Avg Friend Score
Upgrade to see
Score Distribution
Jump to the score distribution portion of the page
Score
0/22
Timer
04:00
0
Plays Today
Vowel
Pokemon
% Correct
O_
a_
y_
e
Omanyte
85.6%
_
_
a_
o_
ai_
Dragonair
82.6%
_
u_
Muk
82.3%
_
o_
uo
Doduo
82.2%
A_
_
a_
i_
e
Arcanine
80.7%
_
au_
_
e_
Haunter
80.1%
_
a_
a_
_
a
Kadabra
77.6%
_
o_
y_
a
Ponyta
77.3%
_
a_
_
e_
o_
Magneton
72%
E_
e_
_
u_
o_
Exeggutor
70.4%
_
a_
u_
o_
_
Kabutops
63.8%
Vowel
Pokemon
% Correct
_
_
a_
e_
e_
Graveler
62.8%
_
u_
a_
Zubat
61.6%
_
a_
_
e_
Mankey
60.8%
_
a_
o_
eo_
Vaporeon
56.7%
_
_
o_
_
_
o
Slowbro
54.3%
_
a_
a_
e_
_
Parasect
51.3%
_
e_
_
_
_
_
ou_
Bellsprout
46.9%
_
u_
o_
e
Cubone
42.4%
_
e_
_
_
o
Mewtwo
42.3%
_
a_
_
a_
_
_
a_
Kangaskhan
40.9%
_
_
a_
_
y
Krabby
30.1%
Quiz Playlist
Details
Report
Send in Message
Add To Playlist
Classic:
Type in answers that appear in a list
Random Order:
Randomize order of answers
Quiz Source
Last Updated: Feb 16, 2017
Quiz Scoreboard
CHALLENGE
Sign Up to Join the Scoreboard
Show All
Scores
Hide
Comments
May contain spoilers
Recently Published
Pick 6: Fruits
by JohnFran
Miscellaneous
15s
Click the 1999 NBA Draft
by nibperrychub
Sports
2m
Alphabetical 'K' Countries by Flag Minefield
by ylime102
Geography
3m
More to Explore
Quiz From the Vault
Featured Blog Post
15 Basketball Trivia Facts You Can Be March Mad About
hide this ad
You Might Also Like...
Tags
Nintendo Quiz
Pokémon Quiz
Video Games Quiz
gen
Generation
Generation 1
Vowel
Today's Top Quizzes in Gaming
Browse Gaming
hide this ad
Today's Top Quizzes in Video Games
Browse Video Games
Top Contributed Quizzes in Gaming
1
Pokémon Gen IV Logic Puzzle (HARD)
2
HARD Pokemon Logic Puzzle
3
Honkai: Star Rail Technique Names Quiz
4
Order Genshin Impact characters by release date!
5
Stardew Valley Logic Puzzle
6
Genshin Impact Logic Puzzle Quiz
7
Danganronpa 1 Logic Puzzle
8
Pokémon Logic Puzzle (DIFFICULT)
9
Kingdom Hearts Logic Puzzle
10
Genshin Impact Logic Puzzle
Explore More
Trending Topics
Marvel
Harry Potter
Disney
Crossword
Anime
NBA
Kpop
Song
Soccer
WWE
Puzzle
Pokémon
NFL
Country
The Office
hide this ad
More By:
Jtoc
Quiz
Plays
Rating
Category
Featured
Created
Heavy Metal Family Tree
6,521
2.59
Music
Jun 20, 2010
Red Dead Redemption: Animals
4,780
3.95
Gaming
Jun 21, 2010
Random Pokemon By Vowel (Gen 1)
3,537
4.57
Gaming
Jul 9, 2010
The Big 4 Thrash Band Members
1,789
4.40
Music
Jun 23, 2010
Gears Of War 1&2 Enemies
1,692
5.00
Gaming
Jun 23, 2010
Go to Creator's Profile
Score Distribution
Quiz Creator Spotlight
Jtoc
Follow
Send a Message
Quizzes Created
-
Created Quiz Play Count
-
More By This Creator
Popular Quizzes Today
1
Countries of Asia Without Outlines Minefield
2
Find the US States - No Outlines Minefield
3
Pick 6: Fruits
4
Alphabetical 'K' Countries by Flag Minefield
5
The Countries of the World
6
Find the US States
7
US States
8
Match the Book to the Film X
More Gaming Quizzes
Xenoblade Chronicles Acrostic
Editor's Pick
Trending Quizzes
Pick 6: Mountains
Pick 6: Harry Potter
Pick 6: NFL Teams
Pick 6: Movie Franchises
Pick 6: Flags
Recently Updated
NWSL Teams
pecheneg
Women's Final Four Teams by Year
bhenderson79
Presidents Quartet II
eogle
Anything But Clue(do)
eogle
Anything But Oceanian Capitals
eogle
Anything But 7
eogle
Anything But Thing
eogle
Word Ladder: February 29
pecheneg
Song Title Questions
pecheneg
Women's NCAA Tournament #1 Seeds
pecheneg
Trending Topics
Kpop
Crossword
Disney
Marvel
Anime
Harry Potter
NBA
Song
Puzzle
WWE
NFL
Pokémon
Country
Soccer
The Office
Your Account Isn't Verified!
In order to create a playlist on Sporcle, you need to verify the email address you used during registration. Go to your
Sporcle Settings
to finish the process.
Report this User
Report this user for behavior that violates our
Community Guidelines
.
Details:
Send Report
Go to the Sporcle.com Mobile Site →
Comments